Střípky z historie španělské centrální banky Banco de España

História a súčasnosť centrálnej banky v Španielsku – Banco de España.

Salvato in:
Dettagli Bibliografici
Autore principale: Kalabis, Zbyněk
Natura: Capitolo di libro
Lingua:ceco
Soggetti:
Tags: Aggiungi Tag
Nessun Tag, puoi essere il primo ad aggiungerne!!

MARC

LEADER 00000naa a2200000 4500
001 0221668
005 20221104110624.8
041 0 |a cze 
044 |a CZ 
245 1 0 |a Střípky z historie španělské centrální banky Banco de España  |c Zbyněk Kalabis 
520 |a História a súčasnosť centrálnej banky v Španielsku – Banco de España. 
610 2 0 |a Španielsko 
610 2 0 |a banky centrálne 
610 2 0 |a história 
610 2 0 |a politika menová 
610 2 0 |a emisia 
610 2 0 |a bankovky 
610 2 0 |a služby bankové 
610 2 0 |a služby finančné 
100 1 |a Kalabis, Zbyněk